000 00258 a2200109 4500
999 _c328105
_d328105
001 93032
003 NUST
005 20180120141633.0
008 180120b xxu||||| |||| 00| 0 eng d
082 _a358.4591/HAL
100 _aHali S.M
_99213
245 _aPakistan Air Force
_bSecond To None
_hEnglish
260 _axvi.160p.
942 _aCAE NUST
_cBK
_k358.4591/HAL
_2ddc